<?xml version="1.0" encoding="UTF-8"?>
<record
    xmlns:xsi="http://www.w3.org/2001/XMLSchema-instance"
    xsi:schemaLocation="http://www.loc.gov/MARC21/slim http://www.loc.gov/standards/marcxml/schema/MARC21slim.xsd"
    xmlns="http://www.loc.gov/MARC21/slim">

  <leader>02658cam a2200313 a 4500</leader>
  <controlfield tag="001">15445987</controlfield>
  <controlfield tag="005">20130321141217.0</controlfield>
  <controlfield tag="008">080910s2009    enk      b    001 0 eng  </controlfield>
  <datafield tag="010" ind1=" " ind2=" ">
    <subfield code="a">  2008039152</subfield>
  </datafield>
  <datafield tag="015" ind1=" " ind2=" ">
    <subfield code="a">GBA8C4405</subfield>
    <subfield code="2">bnb</subfield>
  </datafield>
  <datafield tag="020" ind1=" " ind2=" ">
    <subfield code="a">1843313111 (hardcover : alk. paper)</subfield>
  </datafield>
  <datafield tag="020" ind1=" " ind2=" ">
    <subfield code="a">9781843313113 (hardcover : alk. paper)</subfield>
  </datafield>
  <datafield tag="082" ind1="0" ind2="0">
    <subfield code="a">330.951</subfield>
    <subfield code="2">22</subfield>
    <subfield code="b">HAF</subfield>
  </datafield>
  <datafield tag="100" ind1="1" ind2=" ">
    <subfield code="a">Haffner, John.</subfield>
    <subfield code="9">32934</subfield>
  </datafield>
  <datafield tag="245" ind1="1" ind2="0">
    <subfield code="a">Japan's Open Future :</subfield>
    <subfield code="b">an Agenda for Global Citizenship /</subfield>
    <subfield code="c">John Haffner, Tomas Casas I Klett, and Jean-Pierre Lehmann.</subfield>
  </datafield>
  <datafield tag="260" ind1=" " ind2=" ">
    <subfield code="a">London ;</subfield>
    <subfield code="a">New York :</subfield>
    <subfield code="b">Anthem Press,</subfield>
    <subfield code="c">2009.</subfield>
  </datafield>
  <datafield tag="300" ind1=" " ind2=" ">
    <subfield code="a">xiii, 320 p. ;</subfield>
    <subfield code="c">24 cm.</subfield>
  </datafield>
  <datafield tag="504" ind1=" " ind2=" ">
    <subfield code="a">Includes bibliographical references (p. [275]-300) and index.</subfield>
  </datafield>
  <datafield tag="505" ind1="0" ind2=" ">
    <subfield code="a">Facing history : getting past the nation-state -- Global communication : a matter of heart -- Escaping mercantilism : from free-rider to driver -- Embracing business risk : entrepreneurs and kaisha reborn -- Open politics : unleashing civil society -- Geopolitics : a global citizen.</subfield>
  </datafield>
  <datafield tag="520" ind1=" " ind2=" ">
    <subfield code="a">For many decades Japan enjoyed great success with its export oriented economy and the outsourcing of its foreign policy to the United States under the US security umbrella. Its role in the world was simple, and times were good. But times have changed. With the end of the Cold War, a shrinking domestic population, global instabilities after 9/11, the financial crisis, and other seismic shifts, Japan now faces a more complicated world. In this groundbreaking and provocative discussion, three foreigners who have lived and worked in Japan, a Canadian, a Frenchman and a Spaniard, argue that Japan has much to gain by pursuing a more engaged, outward-looking, multilateral posture in its region and globally. While the country will continue to enjoy good relations with the West, the time has come for Japan to embrace its Asian heritage and future, as well as its own potential contribution to world affairs. A globally engaged, more open Japan, the authors argue, is win win win: good for Japan, good for Asia, and good for the world. If Japan is truly to become a global citizen, however, it must not only reach out more to the world, it must also admit more of the world, new ideas, people, and capital from afar, on its own soil. But is Japan, are Japanese, prepared to do so?</subfield>
  </datafield>
  <datafield tag="650" ind1=" " ind2="0">
    <subfield code="a">National characteristics, Japanese.</subfield>
    <subfield code="9">32935</subfield>
  </datafield>
  <datafield tag="650" ind1=" " ind2="0">
    <subfield code="a">Globalization</subfield>
    <subfield code="z">Japan.</subfield>
    <subfield code="9">32936</subfield>
  </datafield>
  <datafield tag="651" ind1=" " ind2="0">
    <subfield code="a">Japan</subfield>
    <subfield code="x">Economic conditions</subfield>
    <subfield code="y">1989-</subfield>
    <subfield code="9">5153</subfield>
  </datafield>
  <datafield tag="651" ind1=" " ind2="0">
    <subfield code="a">Japan</subfield>
    <subfield code="x">Commerce.</subfield>
    <subfield code="9">32937</subfield>
  </datafield>
  <datafield tag="653" ind1=" " ind2=" ">
    <subfield code="b">Pol</subfield>
    <subfield code="c">March2013</subfield>
  </datafield>
  <datafield tag="700" ind1="1" ind2=" ">
    <subfield code="a">Casas i Klett, Tomas.</subfield>
    <subfield code="9">32938</subfield>
  </datafield>
  <datafield tag="700" ind1="1" ind2=" ">
    <subfield code="a">Lehmann, Jean-Pierre,</subfield>
    <subfield code="d">1945-</subfield>
    <subfield code="9">32939</subfield>
  </datafield>
  <datafield tag="942" ind1=" " ind2=" ">
    <subfield code="2">ddc</subfield>
    <subfield code="c">BB</subfield>
  </datafield>
  <datafield tag="999" ind1=" " ind2=" ">
    <subfield code="c">17390</subfield>
    <subfield code="d">17362</subfield>
  </datafield>
  <datafield tag="952" ind1=" " ind2=" ">
    <subfield code="0">0</subfield>
    <subfield code="1">0</subfield>
    <subfield code="2">ddc</subfield>
    <subfield code="4">0</subfield>
    <subfield code="7">0</subfield>
    <subfield code="8">Baccah</subfield>
    <subfield code="a">MAIN</subfield>
    <subfield code="b">MAIN</subfield>
    <subfield code="c">1ST</subfield>
    <subfield code="d">2013-03-21</subfield>
    <subfield code="e">purchase</subfield>
    <subfield code="l">0</subfield>
    <subfield code="o">330.951 HAF</subfield>
    <subfield code="p">000028593</subfield>
    <subfield code="r">2025-07-15 00:00:00</subfield>
    <subfield code="y">BB</subfield>
  </datafield>
  <datafield tag="952" ind1=" " ind2=" ">
    <subfield code="0">0</subfield>
    <subfield code="1">0</subfield>
    <subfield code="2">ddc</subfield>
    <subfield code="4">0</subfield>
    <subfield code="7">0</subfield>
    <subfield code="8">Baccah</subfield>
    <subfield code="a">MAIN</subfield>
    <subfield code="b">MAIN</subfield>
    <subfield code="c">1ST</subfield>
    <subfield code="d">2013-03-21</subfield>
    <subfield code="e">purchase</subfield>
    <subfield code="l">1</subfield>
    <subfield code="o">330.951 HAF</subfield>
    <subfield code="p">000028594</subfield>
    <subfield code="r">2025-07-15 00:00:00</subfield>
    <subfield code="s">2014-05-04</subfield>
    <subfield code="y">BB</subfield>
  </datafield>
</record>
